000 00313nam a2200121Ia 4500
005 20251222154337.0
008 251222s9999||||xx |||||||||||||| ||spa||
020 _a84-206-0234-5
082 _aREF.501/A81
100 _a"Asimov, Isaac"
245 0 _aEnciclopedia biográfica de ciencia y tecnología
942 _cLIB
999 _c34366
_d34366